AFL Coaches Quiz - Statistics

General Stats
  • This quiz has been taken 155 times
    36 since last reset
  • The average score is 13 of 18
Answer Stats
Since Team Answer % Correct
2016 Brisbane Chris Fagan
92%
2023 Gold Coast Damien Hardwick
88%
2022 Essendon Brad Scott
85%
2010 Geelong Chris Scott
85%
2021 Carlton Michael Voss
85%
2021 Collingwood Craig McRae
81%
2019 Fremantle Justin Longmuir
77%
2014 Bulldogs Luke Beveridge
73%
2019 Adelaide Matthew Nicks
73%
2022 Hawthorn Sam Mitchell
73%
2022 North Melbourne Alastair Clarkson
69%
2024 Sydney Dean Cox
69%
2025 Melbourne Steven King
69%
2022 GWS Adam Kingsley
65%
2022 St Kilda Ross Lyon
65%
2023 Richmond Adem Yze
58%
2024 West Coast Andrew McQualter
58%
2025 Port Adelaide Josh Carr
54%
No matching quizzes found
Score Distribution
Percent of People with Each Score
Percentile by Number Answered
Your Score History
You have not taken this quiz since the last reset